000 00769nam a2200229 i 4500
001 58099
003 ES-MaACL
005 20251015063101.0
007 t|
008 031021s1973 sp ||||1| spa d
100 1 _aDuchesne, Jean,
_d1944-
_945827
245 1 0 _aJesus revolution made in U.S.A. /
_cJean Duchesne ; nota final de A. Dumas ; [traducción de Nuria Vidal].
260 _a[Madrid, etc. :
_bMasova, etc. ;
_aBarcelona :
_bFerrer y Coll,
_c1973]
300 _a196 p. ;
_c18 cm.
490 1 _aNuevas fronteras
650 _aCristianismo-
_xHistoria-
_yS.XX.
_9160094
700 1 _aDumas, A.
_945980
700 0 _aVidal, Nuria.
_9114451
830 0 _aNuevas fronteras
_9183541
852 _aES-MaACL
_jC-50033
_bR.84804
999 _c58099
_d58099